[Event "Podolsk"]
[Site "Podolsk"]
[Date "1993.??.??"]
[Round "?"]
[White "Morozevich, Alexander"]
[Black "Ehlvest, Jaan"]
[Result "0-1"]
[WhiteElo "2545"]
[BlackElo "2620"]

1.d4 Nf6 2.Nc3 d5 3.Bg5 Nbd7 4.f3 h6 5.Bh4 c6 6.Qd2 b5 7.e3 e6 8.Bf2 a6 9.Nge2 c5
10.g4 Bb7 11.Bg2 Rc8 12.Ng3 Qc7 13.Rc1 cxd4 14.exd4 Nb6 15.Nd1 Nc4 16.Qd3 Qa5+
17.c3 Qxa2 18.O-O Qa5 19.b3 Nd6 20.Be1 Qb6 21.Nf2 a5 22.Bd2 Ba6 23.b4 Nc4
24.f4 Nxd2 25.Qxd2 axb4 26.cxb4 Rc4 27.Rxc4 bxc4 28.b5 Bb7 29.g5 Nd7 30.Re1 hxg5
31.fxg5 g6 32.Qf4 Bg7 33.Ne2 Qa5 34.Rf1 e5 35.Qf3 exd4 36.Ng4 O-O 37.Qf4 d3
38.Nd4 Qb6 39.Nf6+ Nxf6 40.gxf6 Bh8 41.Kh1 Qxf6 42.Qxf6 Bxf6 43.Rxf6 c3 44.Rf1 Rc8
45.Nb3 d2 46.Nd4 c2 47.Nxc2 Rxc2 48.Kg1 Rc1 49.Bf3 d4 50.Be2 Bd5 51.b6 Bc4  0-1

[Event "Podolsk"]
[Site "Podolsk"]
[Date "1993.??.??"]
[Round "?"]
[White "Chernin, Alexander"]
[Black "Morozevich, Alexander"]
[Result "1-0"]
[WhiteElo "2615"]
[BlackElo "2545"]

1.c4 e5 2.Nc3 Nf6 3.Nf3 Nc6 4.a3 d6 5.d3 Nd4 6.Nd2 Bg4 7.b4 Be7 8.h3 Bh5
9.Qa4+ c6 10.e3 Ne6 11.Bb2 O-O 12.Be2 d5 13.Bxh5 Nxh5 14.Qd1 d4 15.Qxh5 dxc3
16.Bxc3 Qxd3 17.Rc1 Nd4 18.exd4 exd4 19.Bb2 Rfe8 20.Kd1 a5 21.Qe2 Qxe2+ 22.Kxe2 axb4
23.axb4 d3+ 24.Kf3 Bg5 25.Bc3 Re2 26.Ra1 Rae8 27.Rhd1 h5 28.Nf1 Rd8 29.Bd2 Bf6
30.Ra3 Re5 31.Bf4  1-0

[Event "St Petersburg zt"]
[Site "St Petersburg"]
[Date "1993.??.??"]
[Round "5"]
[White "Morozevich, Alexander"]
[Black "Ruban, Vadim"]
[Result "1/2-1/2"]
[WhiteElo "2440"]
[BlackElo "2595"]

1.e4 c5 2.Nf3 d6 3.d4 cxd4 4.Nxd4 Nf6 5.Nc3 Nc6 6.Bc4 Qb6 7.Nb3 e6 8.Be3 Qc7
9.f4 a6 10.Bd3 b5 11.Qf3 Bb7 12.O-O Be7 13.a4 b4 14.Nb1 e5 15.N1d2 exf4 16.Qxf4 Ne5
17.Nd4 g6 18.Kh1 O-O 19.Qg3 Nh5 20.Qe1 Rfe8 21.N4f3 Bf6 22.Nxe5 Bxe5 23.Nc4 Bg7
24.Bb6 Qe7 25.Qxb4 Bxe4 26.Nxd6 Bd5 27.Qc5 Qg5 28.Ne4 Rxe4 29.Bxe4 Qh4 30.Qxd5 Ng3+
31.Kg1 Ne2+ 32.Kh1 Ng3+ 33.Kg1  1/2-1/2

[Event "St Petersburg zt"]
[Site "St Petersburg"]
[Date "1993.??.??"]
[Round "6"]
[White "Pigusov, Evgeny"]
[Black "Morozevich, Alexander"]
[Result "1/2-1/2"]
[WhiteElo "2575"]
[BlackElo "2440"]

1.c4 e5 2.g3 Nf6 3.Bg2 d5 4.cxd5 Nxd5 5.Nc3 Nb6 6.Nf3 Nc6 7.O-O Be7 8.a3 O-O
9.d3 Re8 10.Be3 Bf8 11.Rc1 Nd4 12.Ne4 Bg4 13.Bxd4 exd4 14.Nc5 Bxc5 15.Rxc5 Qd6
16.b4 Nd7 17.Rc2 a5 18.Qc1 axb4 19.axb4 Bxf3 20.Bxf3 c6 21.b5 cxb5 22.Qb2 Ne5
23.Bxb7 Rab8 24.Qxb5 Qe7 25.Rb1 h5 26.Rcb2 h4 27.Qa4 h3 28.Be4 Rbd8 29.Rb7 Qe6
30.Qb3 Qf6 31.Rb6 Qe7 32.Qb4 Qd7 33.Qd2 Nc4 34.dxc4 Rxe4 35.Rb8 Rxb8 36.Rxb8+ Kh7
37.Qg5 Re8 38.Rxe8 Qxe8 39.Qg4 Kg8 40.Kf1 Qc6 41.Qf3 Qa4 42.Ke1 Qa1+ 43.Kd2 Qb2+
44.Kd1 Qb1+ 45.Kd2 Qb2+ 46.Kd3 Qc3+ 47.Ke4 Qxc4 48.Kf5 Qe6+ 49.Kf4 g6 50.Kg5 Qe5+
51.Kh4 Qh8+ 52.Kg5 Qe5+ 53.Kh4 Qh8+  1/2-1/2

[Event "St Petersburg zt"]
[Site "St Petersburg"]
[Date "1993.??.??"]
[Round "8"]
[White "Sveshnikov, Evgeny"]
[Black "Morozevich, Alexander"]
[Result "1/2-1/2"]
[WhiteElo "2555"]
[BlackElo "2440"]

1.e4 e5 2.Nf3 Nc6 3.d4 exd4 4.Nxd4 Nf6 5.Nxc6 bxc6 6.Nd2 d5 7.exd5 cxd5 8.Bb5+ Bd7
9.Bxd7+ Qxd7 10.O-O Be7 11.c4 O-O 12.cxd5 Nxd5 13.Ne4 Rad8 14.Qf3 Rfe8 15.Rd1 Qe6
16.Bd2 Bf8 17.Re1 Qg6  1/2-1/2

[Event "Tilburg"]
[Site "Tilburg"]
[Date "1993.??.??"]
[Round "2"]
[White "Morozevich, Alexander"]
[Black "Van Wely, Loek"]
[Result "1/2-1/2"]
[WhiteElo "2545"]
[BlackElo "2585"]

1.e4 d6 2.d4 Nf6 3.Nc3 g6 4.Nf3 Bg7 5.Be2 O-O 6.O-O c6 7.a4 Nbd7 8.b3 Qa5
9.Bb2 e5 10.Re1 Re8 11.dxe5 dxe5 12.Nd2 Bf8 13.Nc4 Qc7 14.Bf1 Nb6 15.Ne3 a5
16.Qf3 Be7 17.Nb1 Be6 18.Nd2 Nbd7 19.Bc4 Bxc4 20.Ndxc4 b5 21.Nd2 Bb4 22.c3 Bc5
23.Nc2 Qd6 24.Qe2 Reb8 25.Na3 Qe6 26.axb5 Bxa3 27.Rxa3 cxb5 28.Rea1 Nc5 29.Qe3 Qd6
30.Nf3 Ng4 31.Qe2 Qd3 32.Re1 Qxe2 33.Rxe2 a4 34.h3 Nf6 35.bxa4 bxa4 36.c4 Nfxe4
37.Bxe5 Rb1+ 38.Kh2 Rc1 39.Bb2 Rxc4 40.Ne5 Rb4 41.f3 Nd6 42.Rc3 Ne6 43.Ba3 Rd4
44.Rb2 Rd5 45.Ng4 Kg7 46.Ne3 Rb5 47.Rd2 Nf5 48.Bb2 Nxe3 49.Rxe3+ Kf8 50.Be5 Ke8
51.f4 Rb3 52.Rxb3 axb3 53.Rd5 f6 54.Bxf6 Rb8 55.f5 gxf5 56.Bb2 f4 57.h4 Rd8
58.Re5 Ke7 59.Rb5 Rd3 60.Be5 Kd7 61.Rb7+ Kc6 62.Rxh7 Rd2 63.Re7 Nd4 64.Bxd4 Rxd4
65.Kh3 b2 66.Re1 Rb4 67.Rb1 Kd5 68.Kg4 Ke4 69.h5 Ke3 70.Kg5 Rb8 71.h6 Rg8+
72.Kf5 Rxg2 73.h7 Rh2 74.Rxb2 Rxh7 75.Rb3+ Kd4 76.Kxf4 Rh4+ 77.Kg3  1/2-1/2

[Event "Tilburg"]
[Site "Tilburg"]
[Date "1993.??.??"]
[Round "2"]
[White "Van Wely, Loek"]
[Black "Morozevich, Alexander"]
[Result "0-1"]
[WhiteElo "2585"]
[BlackElo "2545"]

1.d4 d5 2.Nf3 Nc6 3.Bf4 Bg4 4.c4 e6 5.e3 Bb4+ 6.Nc3 Nge7 7.Rc1 O-O 8.Bd3 Ng6
9.h3 Bh5 10.Bh2 Nh4 11.g4 Nxf3+ 12.Qxf3 Bg6 13.Bxg6 hxg6 14.cxd5 exd5 15.Kf1 Ne7
16.h4 Bxc3 17.Rxc3 c6 18.h5 g5 19.h6 f6 20.hxg7 Kxg7 21.Bg3 Qd7 22.Kg2 Rh8
23.Rcc1 Rxh1 24.Rxh1 Qe6 25.Qe2 Re8 26.f3 Ng6 27.Re1 f5 28.gxf5 Qxf5 29.e4 Qd7
30.Qe3 dxe4 31.Kg1 Qf5 32.fxe4 Qg4 33.d5 cxd5 34.Qc3+ Kh6 35.exd5 Rc8 36.Qe3 Rd8
37.d6 Rxd6 38.Qf2 Nf4 39.Kf1 Rf6 40.Re4 Qd1+  0-1

[Event "Tilburg"]
[Site "Tilburg"]
[Date "1993.??.??"]
[Round "3"]
[White "Adams, Michael"]
[Black "Morozevich, Alexander"]
[Result "0-1"]
[WhiteElo "2630"]
[BlackElo "2545"]

1.d4 d5 2.Bg5 f6 3.Bf4 Nc6 4.Nf3 Bf5 5.c4 e5 6.cxd5 Nb4 7.e4 Bxe4 8.Qa4+ c6
9.dxe5 Bxb1 10.Rxb1 Qxd5 11.Be2 Qe4 12.O-O Qxf4 13.Rbd1 Bc5 14.Qb3 Ne7 15.Bc4 fxe5
16.a3 Nbd5 17.Bxd5 O-O-O 18.g3 Qf6 19.Be4 g5 20.Qc3 Bd4 21.Nxd4 exd4 22.Qc5 Kb8
23.Rd2 h6 24.Rfd1 Rhf8 25.b4 Rd7 26.a4 Rfd8 27.Qc4 Nc8 28.Bg2 Qe5 29.Re2 Nb6
30.Qd3 Qd6 31.Qb3 Qf6 32.Red2 a6 33.Rd3 g4 34.Qa3 Qe5 35.Qb3 h5 36.Rc1 Nd5
37.b5 Nc3 38.Rdxc3 dxc3 39.bxc6 Rc7 40.Rb1 Qe2 41.Qxc3 Rd1+ 42.Rxd1 Qxd1+
43.Bf1 Rxc6 44.Qe5+ Qd6 45.Qxh5 Qd4 46.h3 gxh3 47.Bxh3 Rc1+ 48.Bf1 Qxa4 49.Qe5+ Ka8
50.Qe3 Rb1 51.Kg2 Qc6+ 52.f3 a5 53.Qe5 Qb6 54.Be2 Ka7  0-1

[Event "Tilburg"]
[Site "Tilburg"]
[Date "1993.??.??"]
[Round "3"]
[White "Morozevich, Alexander"]
[Black "Adams, Michael"]
[Result "1-0"]
[WhiteElo "2545"]
[BlackElo "2630"]

1.e4 c5 2.Nc3 Nc6 3.f4 g6 4.Nf3 Bg7 5.Bb5 Nd4 6.Nxd4 cxd4 7.Ne2 a6 8.Ba4 b5
9.Bb3 e6 10.O-O Ne7 11.d3 O-O 12.Qe1 f5 13.Bd2 Nc6 14.Kh1 Bb7 15.Ng1 h6 16.Nf3 Kh7
17.Qg3 Qe7 18.Rae1 a5 19.a3 Rab8 20.Nh4 Qf7 21.Qh3 Ba8 22.Rf3 a4 23.Ba2 b4
24.Bc1 b3 25.cxb3 axb3 26.Bb1 d6 27.Bd2 Kg8 28.g4 Ne7 29.gxf5 gxf5 30.Rg3 Kh7
31.Nf3 Bf6 32.Ng5+ Bxg5 33.fxg5 Ng6 34.Qxh6+ Kg8 35.h4 f4 36.Rh3 Rb7 37.h5 Ne5
38.Rg1 Rc7 39.Rh4 Qe8 40.g6  1-0

[Event "Tilburg rapid20"]
[Site "Tilburg"]
[Date "1993.??.??"]
[Round "4"]
[White "Morozevich, Alexander"]
[Black "Georgiev, Kiril"]
[Result "0-1"]
[WhiteElo "2545"]
[BlackElo "2660"]

1.e4 e5 2.Nf3 Nc6 3.Bc4 Nf6 4.d3 Be7 5.Nc3 O-O 6.a3 d6 7.h3 Nd4 8.Be3 Nxf3+
9.Qxf3 Be6 10.g4 c6 11.Bxe6 fxe6 12.Qg3 Nd7 13.g5 d5 14.Ne2 Bd6 15.Qg4 Qe7
16.h4 b5 17.Kf1 Bc5 18.Rh3 Qf7 19.Qg3 Bxe3 20.Qxe3 d4 21.Qg3 Qh5 22.f3 c5
23.Kg2 c4 24.Rhh1 Rac8 25.Rac1 a5 26.Rhf1 a4 27.Qh3 Rc6 28.Rcd1 Kh8 29.Rd2 Nc5
30.Ng3 Qf7 31.Qg4 Qf4 32.Rff2 Kg8 33.Qh3 Qe3 34.Nf1 Qe1 35.Nh2 Qe3 36.Nf1 Qf4
37.Ng3 Qf7 38.Qg4 Qf4 39.Qh3 Rc7 40.Nh5 Qf7 41.Qg4 Qe8 42.f4 exf4 43.Nxf4 e5
44.Nd5 Rcf7 45.Qg3 Qe6 46.h5 Nd7 47.Kg1 Rxf2 48.Rxf2 Rxf2 49.Kxf2 Qf7+ 50.Qf3 Nc5
51.Nb4 Qxf3+ 52.Kxf3 Kf7 53.Ke2 Ne6 54.Nc6 cxd3+ 55.cxd3 Nf4+ 56.Kd2 Ke6
57.h6 g6 58.Nd8+ Ke7 59.Nc6+ Kd6 60.Na7 Kc5 61.Nc8 Nh3 62.Ne7 Nxg5 63.Nd5 Kd6
64.Ke2 Ne6 65.Nf6 Ng5 66.Nd5 Kc6 67.Kf2 Kc5 68.Kg3 Kd6 69.Kg4 Nf7 70.Nf6 Nxh6+
71.Kg3 Nf7 72.Nxh7 Nd8 73.Ng5 Ke7 74.Nf3 Kf6 75.Nh2 Nb7 76.Ng4+ Ke6 77.Kf3 Nc5
78.Ke2 Nd7 79.Kf3 Nf8 80.Nf2 Nd7 81.Kg4 Kf6 82.Kh4 Nc5 83.Ng4+ Ke6 84.Nf2 Kf7
85.Kg5 Ne6+ 86.Kh6 Nf4 87.Kg5 Kg7 88.Kh4 Ng2+ 89.Kg5 Ne1 90.Kg4 Nc2 91.Kg5 Nxa3
92.Ng4 Nc4 93.dxc4 bxc4 94.Nxe5 c3 95.bxc3 a3 96.cxd4 a2 97.Nxg6 a1=Q 98.Nf4 Kf7
99.Kf5 Qxd4 100.e5 Qc5 101.Ke4 Qc6+ 102.Kf5 Qc2+ 103.Kg5 Qe4 104.e6+ Ke7
105.Kg4 Kf6  0-1

[Event "Tilburg rapid20"]
[Site "Tilburg"]
[Date "1993.??.??"]
[Round "4"]
[White "Georgiev, Kiril"]
[Black "Morozevich, Alexander"]
[Result "1-0"]
[WhiteElo "2660"]
[BlackElo "2545"]

1.Nf3 Nc6 2.d4 d5 3.c4 Bg4 4.Qa4 Bxf3 5.gxf3 e6 6.e3 Bb4+ 7.Nc3 Ne7 8.Bd2 O-O
9.Qc2 Ng6 10.f4 Nh4 11.O-O-O Ne7 12.Kb1 c6 13.Bd3 Kh8 14.Qb3 a5 15.cxd5 exd5
16.Bc1 Bxc3 17.Qxc3 Nc8 18.Qc2 Nd6 19.Qe2 Qd7 20.f3 f5 21.Rhg1 b6 22.Rg3 Qe6
23.Rdg1 Rf7 24.Bd2 Ng6 25.Rc1 Rc7 26.Rgg1 c5 27.dxc5 bxc5 28.Ka1 a4 29.a3 c4
30.Qe1 Nb5 31.Bb1 d4 32.exd4 Qd5 33.Bc3 Re7 34.Qd2 Nh4 35.Rgf1 h6 36.Qf2 Ng6
37.Qd2 Rb8 38.Qc2 Nxc3 39.Qxc3 Qb7 40.Bxf5 Nxf4 41.Be4 Qb6 42.Rf2 Rc7 43.Rd2 Qa6
44.d5 Qd6 45.Qd4 Rbc8 46.Rc3 Kg8 47.Ka2 Rc5 48.Qe3 Kf8 49.Rd4 Qe5 50.Rd2 Qd6
51.Qd4 R8c7 52.Rdc2 Ne6 53.Qg1 Ng5 54.Qg3 Qf6 55.d6 Rd7 56.Rxc4 Qe6 57.Qf4+ Rf7
58.d7 Rxf4 59.d8=Q+ Kf7 60.Bd5 Rxd5 61.Rxf4+ Kg6 62.Qc8 Rd7+ 63.Qc4 Qe5 64.Qxa4 Kh7
65.Qxd7 Qxf4 66.Qd3+ Kg8 67.Rc8+ Kf7 68.Qc4+  1-0

[Event "Tilburg"]
[Site "Tilburg"]
[Date "1993.??.??"]
[Round "4"]
[White "Morozevich, Alexander"]
[Black "Georgiev, Kiril"]
[Result "1/2-1/2"]
[WhiteElo "2545"]
[BlackElo "2660"]

1.e4 e5 2.Nf3 Nc6 3.Bc4 Bc5 4.Nc3 Nf6 5.d3 d6 6.Bg5 h6 7.Bxf6 Qxf6 8.Nd5 Qd8
9.c3 a6 10.d4 Ba7 11.dxe5 dxe5 12.Qe2 b5 13.Bb3 Qd6 14.Rd1 Na5 15.Bc2 O-O
16.b4 Nb7 17.O-O Bg4 18.Ne3 Qg6 19.Nxg4 Qxg4 20.h3 Qf4 21.Rd5 Rfe8 22.c4 bxc4
23.Ba4 Re6 24.Qxc4 Nd6 25.Qxc7 Nxe4 26.Qb7 Bxf2+ 27.Rxf2 Rf8 28.Qa7 Nxf2
29.Qxf2 Rc8 30.Rd1 Rf6 31.Qe1 e4 32.Nh2 Rd6 33.Rxd6 Qxd6 34.Ng4 f5 35.Bb3+ Kh8
36.Ne3 Qe5 37.Qd2 f4 38.Nc4 e3 39.Nxe5 exd2 40.Kf2 g5 41.Nf3 Rb8 42.a3 a5
43.Nxd2 axb4 44.a4 Kg7 45.a5 Kf6 46.Nc4 Ke7 47.Ke2 Kd7 48.Kd3 Kc6 49.Ne5+ Kc7
50.Kd4 Ra8 51.Nc4 Re8 52.Kc5 Re3 53.Kxb4 Re2 54.Na3 Rxg2 55.Nb5+ Kb8 56.a6 Rb2
57.Kc3  1/2-1/2

[Event "Tilburg"]
[Site "Tilburg"]
[Date "1993.??.??"]
[Round "4"]
[White "Georgiev, Kiril"]
[Black "Morozevich, Alexander"]
[Result "1/2-1/2"]
[WhiteElo "2660"]
[BlackElo "2545"]

1.c4 e5 2.Nc3 Nf6 3.Nf3 Nc6 4.g3 d5 5.cxd5 Nxd5 6.Bg2 Nb6 7.O-O Be7 8.Rb1 O-O
9.b4 a6 10.a4 Nxb4 11.Nxe5 a5 12.d4 c6 13.e4 Be6 14.Re1 f6 15.Ng4 Bxg4 16.Qxg4 Qxd4
17.Qe6+ Rf7 18.Nd5 cxd5 19.Be3 Qe5 20.Qxb6 Bd8 21.Qd4 Nc2 22.Qxe5 fxe5 23.Re2 d4
24.Rxc2 dxe3 25.fxe3 b6 26.Bh3 Re7 27.Rc6 g6 28.Rd1 Kg7 29.Rd5 Bc7 30.Bd7 Bd8
31.Bg4 Bc7 32.Bd7 Bd8 33.Rc3 Rf7 34.Be8 Rf8 35.Bb5 Ra7 36.Rcd3 Be7 37.Rxe5 Bc5
38.Red5 Raf7 39.Rd7 Rxd7 40.Bxd7 Rf7  1/2-1/2

[Event "Alushta4"]
[Site "Alushta"]
[Date "1994.??.??"]
[Round "2"]
[White "Morozevich, Alexander"]
[Black "Nenashev, Alexander"]
[Result "0-1"]
[WhiteElo "2590"]
[BlackElo "2575"]

1.e4 e5 2.Nf3 Nc6 3.Bc4 Nf6 4.Ng5 d5 5.exd5 Na5 6.Bb5+ c6 7.dxc6 bxc6 8.Be2 h6
9.Nf3 e4 10.Ne5 Bd6 11.d4 exd3 12.Nxd3 Qc7 13.b3 O-O 14.Bb2 Ne4 15.Nc3 f5
16.h3 Ba6 17.O-O Rad8 18.Qe1 c5 19.Kh1 Nc6 20.Nxe4 fxe4 21.Nxc5 Bxc5 22.Bxa6 Qf4
23.Qe2 Ne5 24.Rad1 Nf3 25.gxf3 Qf5 26.Qc4+ Kh8 27.Bxg7+ Kxg7 28.Qc3+ Rf6
29.fxe4 Qxe4+ 30.f3 Qh4 31.Rg1+ Kh7 32.Bd3+ Kh8 33.Bf5 Bd4 34.Qc7 Rxf5 35.Rg3 Rf7
36.Qxf7 Qxg3 37.Qh5 Qg7 38.c3 Rg8 39.Qg4 Bxc3 40.Rd7 Qe5 41.Qe4 Qxe4 42.fxe4 Rg7
43.Rd3 Bb4 44.Rd4 Bc5 45.Rd5 Ba3 46.Kh2 Rg5 47.Rd8+ Kh7 48.Rd7+ Rg7 49.Rd5 Bb4
50.h4 Re7 51.Rd4 Bc5 52.Rc4 Bf2 53.Kh3 h5 54.b4 Kg7 55.a4 Kf6 56.Kg2 Bb6
57.a5 Rc7 58.axb6 Rxc4 59.bxa7 Rc2+  0-1

[Event "Alushta2"]
[Site "Alushta"]
[Date "1994.??.??"]
[Round "2"]
[White "Onischuk, Alexander"]
[Black "Morozevich, Alexander"]
[Result "1-0"]
[WhiteElo "2535"]
[BlackElo "2590"]

1.d4 d5 2.c4 Nc6 3.Nf3 Bg4 4.Nc3 e6 5.Bg5 f6 6.Bh4 Bb4 7.Ne5 Nxe5 8.dxe5 c6
9.cxd5 Qa5 10.f3 exd5 11.fxg4 Bxc3+ 12.bxc3 Qxc3+ 13.Kf2 Nh6 14.h3 fxe5 15.Kg1 O-O
16.Qc1 Qa5 17.e3 Nf7 18.Kh2 Rfe8 19.Be2 Nd6 20.Rf1 Rac8 21.Qc2 c5 22.e4 d4
23.Bc4+ Kh8 24.Bf7 Nxf7 25.Rxf7 c4 26.Qf2 Qa6 27.Bf6  1-0

[Event "Alushta2"]
[Site "Alushta"]
[Date "1994.??.??"]
[Round "3"]
[White "Morozevich, Alexander"]
[Black "Malaniuk, Vladimir P"]
[Result "1/2-1/2"]
[WhiteElo "2590"]
[BlackElo "2595"]

1.Nc3 Nf6 2.d4 d5 3.Bg5 c6 4.Qd3 g6 5.f3 Qa5 6.h4 b5 7.e4 b4 8.Nce2 Ba6 9.Qe3 dxe4
10.fxe4 Nbd7 11.Nf3 Bg7 12.Bxf6 exf6 13.h5 O-O 14.hxg6 hxg6 15.Nc1 Bxf1 16.Kxf1 Rfe8
17.Qd3 c5 18.c3 bxc3 19.bxc3 Rac8 20.Nb3 Qa4 21.Nbd2 Qa3 22.Nc4 Qa6 23.d5 Nb6
24.Nfd2 Rcd8 25.Re1 f5 26.exf5 Rxe1+ 27.Kxe1 Nxd5 28.Rh3 Qf6 29.Ne4 Qxf5
30.Rf3 Qd7 31.Ncd6 Nxc3 32.Qc4 Qe6 33.Qxe6 fxe6 34.Rg3 Nxe4 35.Nxe4 c4 36.Rxg6 Kf7
37.Rg3 Bd4 38.Ra3 Ke7 39.Ra4 Rc8 40.Nd2 Bc3 41.Ke2  1/2-1/2

[Event "Alushta4"]
[Site "Alushta"]
[Date "1994.??.??"]
[Round "4"]
[White "Morozevich, Alexander"]
[Black "Vyzmanavin, Alexey"]
[Result "0-1"]
[WhiteElo "2590"]
[BlackElo "2610"]

1.d4 Nf6 2.c4 e6 3.Nc3 Bb4 4.Bg5 h6 5.Bh4 c5 6.d5 Bxc3+ 7.bxc3 d6 8.e3 e5
9.Qc2 Qe7 10.Nf3 Nbd7 11.Nd2 e4 12.Be2 g5 13.Bg3 Nf8 14.h4 Rg8 15.Rb1 Ng6
16.h5 Nf8 17.Kd1 Bf5 18.Qa4+ Kd8 19.Kc2 Qc7 20.Nb3 b6 21.Qa6 Bc8 22.Qa3 Bf5
23.Qc1 N8d7 24.Kb2 Re8 25.Ka1 Ne5 26.Qg1 Qc8 27.Nd2 Kc7 28.Re1 Qa6 29.f4 exf3
30.gxf3 Nd3 31.Rb1 Nf4 32.Bxf4 Bxb1 33.Bxd6+ Kxd6 34.Nxb1 Ke7 35.Qg3 Kf8
36.e4 Qb7 37.e5 Qe7 38.f4 gxf4 39.Qxf4 Qxe5 40.Qxh6+ Ke7 41.Bd3 Rad8 42.Rf1 Rd6
43.Rf5 Qg3 44.Qd2 Kd7 45.Bc2 Re1 46.h6 Qe3 47.Qxe3 Rxe3 48.Nd2 Rh3 49.h7 Ke7
50.Re5+ Kf8 51.Ne4 Nxe4 52.Bxe4 f6 53.Re6 Rxe6 54.dxe6 Kg7 55.Bf5 Rxc3 56.Kb2 Re3  0-1

[Event "Alushta2"]
[Site "Alushta"]
[Date "1994.??.??"]
[Round "5"]
[White "Morozevich, Alexander"]
[Black "Kharitonov, Andrei Y"]
[Result "0-1"]
[WhiteElo "2590"]
[BlackElo "2535"]

1.e4 c6 2.d4 d5 3.f3 e6 4.Nc3 Bb4 5.Ne2 Ne7 6.a3 Ba5 7.Bg5 O-O 8.Qd2 Nd7
9.Nc1 dxe4 10.b4 Bc7 11.Nxe4 a5 12.Rb1 axb4 13.axb4 f6 14.Be3 Nd5 15.Bc4 N7b6
16.Bb3 Nxe3 17.Qxe3 Nd5 18.Qf2 Bf4 19.Ne2 Be3 20.Qh4 Nxb4 21.Nc5 Nd5 22.Qe4 f5
23.Qd3 f4 24.c4 Nb4 25.Qc3 b6 26.Ne4 c5 27.Rd1 Qe7 28.d5 e5 29.h4 Bf5 30.d6 Qd7
31.Qxe5 Rae8 32.Qc3 Bxe4 33.fxe4 Rxe4 34.Rf1 Rfe8 35.Rf3 Bd4 36.Rxd4 Rxd4
37.Kf1 Rxd6 38.Nxf4 Rf6 39.g3 Rd8 40.Qe3 Nd3 41.Bc2 Nxf4 42.gxf4 Qd4 43.Qe7 Rff8
44.Kg2 Rde8  0-1

[Event "Alushta4"]
[Site "Alushta"]
[Date "1994.??.??"]
[Round "5"]
[White "Golubev, Mihail"]
[Black "Morozevich, Alexander"]
[Result "0-1"]
[WhiteElo "2560"]
[BlackElo "2590"]

1.e4 c6 2.d4 d5 3.Nc3 dxe4 4.Nxe4 Nf6 5.Nxf6+ gxf6 6.c3 Bf5 7.Ne2 Nd7 8.Ng3 Bg6
9.h4 h5 10.Be2 Qa5 11.b4 Qb6 12.Be3 Bh6 13.Bxh6 Rxh6 14.Bxh5 O-O-O 15.Be2 Rhh8
16.h5 Bh7 17.O-O f5 18.Qc1 Qc7 19.Bd3 f6 20.Qc2 f4 21.Nf5 Kb8 22.Rae1 e5
23.b5 c5 24.d5 Nb6 25.a4 Nc8 26.Be4 Bxf5 27.Bxf5 Rxh5 28.a5 Qg7 29.Bxc8 f3  0-1

[Event "Alushta4"]
[Site "Alushta"]
[Date "1994.??.??"]
[Round "8"]
[White "Dreev, Alexey"]
[Black "Morozevich, Alexander"]
[Result "1/2-1/2"]
[WhiteElo "2645"]
[BlackElo "2590"]

1.d4 d5 2.c4 Nc6 3.Nc3 dxc4 4.Nf3 Nf6 5.Bg5 h6 6.Bh4 e6 7.e3 Na5 8.Ne5 a6
9.Qa4+ c6 10.Nxc4 Nxc4 11.Qxc4 Qb6 12.O-O-O Bd7 13.e4 Qa5 14.Qb3 b5 15.e5 Nd5
16.Ne4 c5 17.dxc5  1/2-1/2

[Event "PCA/Intel-GP"]
[Site "London"]
[Date "1994.??.??"]
[Round "1"]
[White "Morozevich, Alexander"]
[Black "Kortschnoj, Viktor"]
[Result "0-1"]
[WhiteElo "2575"]
[BlackElo "2615"]

1.e4 c6 2.d4 d5 3.e5 Bf5 4.c4 e6 5.Nc3 dxc4 6.Bxc4 Nd7 7.Nge2 Nb6 8.Bb3 Ne7
9.O-O Bg6 10.Nf4 Qd7 11.Be3 Ned5 12.Nfxd5 Nxd5 13.Nxd5 exd5 14.f4 Bf5 15.Qd2 Be7
16.Bd1 h5 17.b4 a6 18.Be2 g6 19.Rfc1 Kf8 20.a4 Kg7 21.Qb2 Qd8 22.Rc3 Ra7
23.Rac1 Qd7 24.Bf1 Rha8 25.h3 h4 26.b5 axb5 27.axb5 Ba3 28.Qf2 Bxc1 29.Bxc1 Rh8
30.Ba3 Ra4 31.Bd6 Ra1 32.Rb3 Be4 33.Kh2 Rb1 34.bxc6 bxc6 35.Ra3 Rb7 36.Bc5 Qf5
37.Ba6 Rc7 38.Bd6 Rd7 39.Be2 Qe6 40.Bc5 Rb7 41.Bf1 Qf5 42.Ba6 Rc7 43.Qd2 Rd7
44.Be2 Qe6 45.Ra6 Rb7 46.Bd6 Rc8 47.Qe1 Rb2 48.Bf1 Rb1 49.Qxh4 Rxf1 50.Be7 Rxf4
51.Qxf4 Qxe7 52.Rb6 Rc7 53.Rb8 g5 54.Qg4 Bg6 55.Kh1 f5 56.Qg3 Ra7 57.Qb3 f4
58.Qb6 Qc7 59.Qc5 Qxb8 60.Qxc6 Qb3 61.Qf6+ Kh7 62.Qxg5 Qg3  0-1

[Event "PCA/Intel-GP"]
[Site "London"]
[Date "1994.??.??"]
[Round "1"]
[White "Kortschnoj, Viktor"]
[Black "Morozevich, Alexander"]
[Result "1-0"]
[WhiteElo "2615"]
[BlackElo "2575"]

1.d4 d5 2.c4 Nc6 3.Nc3 dxc4 4.Nf3 Nf6 5.e4 Bg4 6.Be3 e6 7.Bxc4 Bb4 8.Qc2 O-O
9.Rd1 Qe7 10.Bb5 Nb8 11.O-O Rd8 12.e5 Nd5 13.Nxd5 Rxd5 14.Bd3 h6 15.Be4 Qd7
16.Qc4 Nc6 17.Bxd5 exd5 18.Qb3 Rb8 19.Bd2 Be7 20.Bc1 Bb4 21.h3 Bh5 22.g4 Bg6
23.Nh4 Bh7 24.Be3 Be7 25.Ng2 f5 26.exf6 Bxf6 27.Nf4 Ne7 28.Nh5 Bh4 29.Bf4 Bg6
30.Bg3 Bxg3 31.Nxg3 h5 32.gxh5 Bh7 33.Rfe1 Kh8 34.Qe3 Ng8 35.Qe6 Qb5 36.b3 Rf8
37.Rd2 Qb4 38.Qe3 Qd6 39.Rde2 c6 40.Qg5 Qb4 41.h6 Nxh6 42.Re8 Ng8 43.Rxf8 Qxf8
44.Nh5 Qf7 45.Re3 Bg6 46.Nf4 Bh7 47.Rg3 Ne7 48.Qe5 Bf5 49.Rg5 Kh7 50.Rh5+ Kg8
51.Qb8+ Nc8 52.Rg5 Kh7 53.Nh5 g6 54.Qe5 Kh6 55.h4 Qf8 56.Qf4 Kh7 57.Ng3 Nd6
58.h5 Nf7 59.Nxf5 gxf5 60.Qxf5+ Kh8 61.Qf6+ Kh7 62.h6  1-0

[Event "Lloyds Bank op"]
[Site "London"]
[Date "1994.??.??"]
[Round "3"]
[White "Tkachiev, Vladislav"]
[Black "Morozevich, Alexander"]
[Result "1/2-1/2"]
[WhiteElo "2535"]
[BlackElo "2575"]

1.e4 c5 2.Nf3 e6 3.d3 Nc6 4.g3 Nf6 5.Bg2 Be7 6.O-O O-O 7.Re1 b5 8.e5 Nd5
9.c4 bxc4 10.dxc4 Nb6 11.Nbd2 Bb7 12.b3 f5 13.h4 a5 14.Nf1 h6 15.Ne3 a4 16.Bb2 Qe8
17.Nc2 f4 18.Nd2 fxg3 19.fxg3 Qg6 20.Ne4 h5 21.Qd3 Rf5 22.Ne3 Nb4 23.Qb1 axb3
24.axb3 Rxa1 25.Bxa1 Bxe4 26.Qxe4 Qxg3 27.Nxf5 exf5 28.Re3 Qg6 29.Qf4 Qe6
30.Rg3 Kh7 31.Bc3 g6 32.Bd2 Bf8 33.Qg5 Nc6 34.Bd5 Qe8 35.e6 Ne5 36.Qf4 Bg7
37.Bc3 d6 38.Qd2 Qe7 39.Bxe5 Bxe5 40.Qg5 Qxg5 41.hxg5 Nc8 42.Rf3 Bb2 43.Bb7 Ne7
44.Rd3 Be5 45.Kg2 Bf4 46.Kf3 Bxg5 47.Rxd6 Bf6 48.Rd7 g5 49.Bd5 g4+ 50.Kg2 h4
51.b4 h3+ 52.Kh2 cxb4 53.c5 Kg6 54.c6 Be5+ 55.Kg1 Kf6 56.Bc4 Nxc6  1/2-1/2

[Event "Lloyds Bank op"]
[Site "London"]
[Date "1994.??.??"]
[Round "8"]
[White "Morozevich, Alexander"]
[Black "Petursson, Margeir"]
[Result "1-0"]
[WhiteElo "2575"]
[BlackElo "2540"]

1.e4 c5 2.Nf3 Nc6 3.Bb5 d6 4.O-O Bd7 5.Re1 Nf6 6.c3 a6 7.Bf1 Bg4 8.d4 cxd4
9.cxd4 d5 10.e5 Ng8 11.Be3 e6 12.a3 Nge7 13.Nbd2 Nf5 14.Bd3 Be7 15.Bb1 Qd7
16.b4 Bh5 17.Ra2 O-O 18.h3 Kh8 19.Rf1 Rac8 20.g4 Nxe3 21.fxe3 Bg6 22.Bxg6 hxg6
23.Nb3 Na7 24.Nc5 Qc6 25.a4 b6 26.Nd3 Kg8 27.h4 Qd7 28.g5 Rc3 29.h5 gxh5
30.Nf4 Rxe3 31.Nxh5 Qc6 32.Nf6+ Bxf6 33.gxf6 g6 34.Rc2 Qd7 35.Qc1  1-0

[Event "Moscow m"]
[Site "Moscow"]
[Date "1994.??.??"]
[Round "1"]
[White "Moskalenko, Viktor"]
[Black "Morozevich, Alexander"]
[Result "1/2-1/2"]
[WhiteElo "2535"]
[BlackElo "2590"]

1.d4 Nf6 2.c4 e6 3.Nf3 b6 4.Nc3 Bb7 5.a3 d5 6.cxd5 Nxd5 7.Qc2 Be7 8.e4 Nxc3
9.bxc3 O-O 10.Bd3 c5 11.O-O Nd7 12.d5 c4 13.Bxc4 Rc8 14.Ba2 exd5 15.Bxd5 Bxd5
16.exd5 Bf6 17.Bb2 b5 18.Rad1 Nb6 19.Qb3 a6 20.Bc1 Rxc3 21.Qb1 Nc4 22.Rd3 Qa5
23.Ng5 Bxg5 24.Bxg5 Rxd3 25.Qxd3 f6 26.Bf4 Rd8 27.Qe4 Qxa3 28.Bc7 Rf8 29.Qe6+ Kh8
30.d6 Qc5 31.Qe7 Rg8 32.h3 Ne5 33.Ba5 Nc4 34.Bc7 Ne5 35.Rd1 b4 36.Qe6 Qc2
37.Qd5 b3 38.Qd2 Qc6 39.Qd5 Qxd5 40.Rxd5 b2 41.Rd1 Nc4 42.d7 Nd2 43.d8=Q Rxd8
44.Bxd8 b1=Q 45.Rxb1 Nxb1 46.Kf1 Nc3 47.Ba5 Nd5 48.Ke2 g5 49.g3 Kg7 50.Kd3 Kf7
51.Kd4 Ke6 52.Bd2 h5 53.f3 Kd6 54.Ke4 Ke6 55.Kd4 Kd6 56.Ke4 Kc5 57.Ba5 Ne7  1/2-1/2

[Event "Moscow PCA-op rapid"]
[Site "Moscow"]
[Date "1994.??.??"]
[Round "2"]
[White "Yurtaev, Leonid"]
[Black "Morozevich, Alexander"]
[Result "1-0"]
[WhiteElo "2540"]
[BlackElo "2590"]

1.e4 c6 2.d3 d5 3.Nd2 e5 4.Ngf3 Bd6 5.g3 Ne7 6.Bg2 O-O 7.O-O Bc7 8.Re1 Ng6
9.b4 a5 10.bxa5 Rxa5 11.Bb2 f6 12.d4 dxe4 13.Nxe4 f5 14.Nc5 e4 15.Nd2 b6
16.Ncb3 Ra7 17.c4 Nd7 18.a4 Nf6 19.Qc2 h5 20.d5 Ne5 21.dxc6 h4 22.Bxe5 Bxe5
23.Rad1 Qe8 24.c5 Qxc6 25.Nc4 Bc7 26.cxb6 Bxb6 27.Rd6 hxg3 28.Rxc6 gxf2+
29.Kf1 fxe1=Q+ 30.Kxe1 Bg1 31.Ne5 Ra8 32.Qc4+ Kh7 33.Bh3 Ng4 34.Bxg4 fxg4
35.Qxe4+ Bf5 36.Qg2 Be3 37.Qg3 Bg5 38.a5 Rae8 39.Rc5 Rf6 40.Nd4 Bg6 41.Qxg4 Bf4
42.Nf3 Kh6 43.Rc8 Bxe5 44.Qh4+ Bh5 45.Qg5+  1-0

[Event "Moscow m"]
[Site "Moscow"]
[Date "1994.??.??"]
[Round "4"]
[White "Morozevich, Alexander"]
[Black "Moskalenko, Viktor"]
[Result "1/2-1/2"]
[WhiteElo "2590"]
[BlackElo "2535"]

1.e4 c5 2.Nc3 Nc6 3.f4 e6 4.Nf3 d5 5.Bb5 Ne7 6.O-O a6 7.Bxc6+ Nxc6 8.Ne5 Be7
9.Nxc6 bxc6 10.d3 O-O 11.Qe1 a5 12.b3 c4 13.dxc4 dxc4 14.Be3 cxb3 15.cxb3 Ba6
16.Rf2 Bb4 17.a3 Bxc3  1/2-1/2